| 000 | 00666cab a2200241 4500 | ||
|---|---|---|---|
| 001 | WB3139-20 | ||
| 008 | 090401t1995 xxu||||| |||| 00| 0 eng d | ||
| 035 | _a(Sirsi) u2734 | ||
| 041 | _aeng | ||
| 245 | _aProperty Drive in Scotland | ||
| 260 | _c1995 | ||
| 350 | _a0 | ||
| 490 |
_aScotsman _v17 October 1995, 29(1) |
||
| 520 | _aOutlines the first sales in Scotland under the scheme to sell off surplus Government property. | ||
| 650 | _aGOVERNMENT PROPERTY | ||
| 650 | _aPROPERTY DRIVE CAMPAIGN | ||
| 650 | _aPROPERTY SALES | ||
| 650 | _aSCOTLAND | ||
| 650 | _aSURPLUS PROPERTY | ||
| 690 | _aECONOMIC AND SOCIAL | ||
| 942 | _n0 | ||
| 948 | _c04/03/1997 | ||
| 999 |
_c1646 _d1646 |
||